Cơ sở thiết kế máy và chi tiết máy /

Cơ sở thiết kế máy; Truyền động cơ khí; Liên kết trong máy.

Đã lưu trong:
Chi tiết về thư mục
Tác giả chính: Trịnh Chất.
Định dạng: Sách
Ngôn ngữ:Vietnamese
Được phát hành: Hà Nội : Khoa học và kỹ thuật, 2001.
Những chủ đề:
Các nhãn: Thêm thẻ
Không có thẻ, Là người đầu tiên thẻ bản ghi này!
Thư viện lưu trữ: Mạng thư viện Đại học Đà Nẵng
LEADER 01257cam a2200385 a 4500
001 000044047
003 2223
005 20060316091120.0
008 010307b2001 vm 000 vie
020 |c 30000 
040 |a LRC  |c LRC  |d LRC 
041 0 |a vie 
082 1 4 |a 621.8  |b TR-C 
100 1 |a Trịnh Chất. 
245 1 0 |a Cơ sở thiết kế máy và chi tiết máy /  |c Trịnh Chất. 
260 |a Hà Nội :  |b Khoa học và kỹ thuật,  |c 2001. 
300 |a 220 tr. :  |b mh. ;  |c 27 cm. 
520 3 |a Cơ sở thiết kế máy; Truyền động cơ khí; Liên kết trong máy. 
630 0 4 |a Máy. 
630 0 4 |a Chi tiết máy. 
630 0 4 |a Cơ khí. 
650 0 4 |a Máy  |x Thiết kế. 
650 0 4 |a Chi tiết máy  |x Thiết kế. 
OWN |a DUT 
AVA |a UDN50  |b DUT  |c Book  |d 621.8 TR-C  |e available  |t Error 5001 Not defined in file expand_doc_bib_avail.  |f 10  |g 0  |h N  |i 24  |j SH  |k 1 
999 |a From the UDN01 
AVA |a UDN50  |b DUT  |c Book  |d 621.8 TR-C  |e available  |t Error 5001 Not defined in file expand_doc_bib_avail.  |f 10  |g 0  |h N  |i 24  |j SH  |k 1 
TYP |a Monograph 
TYP |a Printed language 
980 |a Mạng thư viện Đại học Đà Nẵng